header

International documents on environmental liability (Record no. 2618)

MARC details
000 -LEADER
fixed length control field 01372nam a2200349Ia 4500
100 1# - MAIN ENTRY--AUTHOR NAME
Personal name Descamps, Hannes.
245 10 - TITLE STATEMENT
Title International documents on environmental liability
260 ## - PUBLICATION, DISTRIBUTION, ETC. (IMPRINT)
Place of publication Dordrecht ;
-- London :
Name of publisher Springer,
Year of publication c2008.
300 ## - PHYSICAL DESCRIPTION
Number of Pages xii, 372 p.
650 #0 - SUBJECT ADDED ENTRY--TOPICAL TERM
Topical Term Environmental law, International.
Topical Term Environmental law, International
700 1# - ADDED ENTRY--PERSONAL NAME
Personal name Slabbinck, Robin.
Personal name Bocken, Hubert.
856 40 - ELECTRONIC LOCATION AND ACCESS
Uniform Resource Identifier http://site.ebrary.com/lib/rucke/Doc?id=10284900

No items available.

© 2026 Rongo University
Contact us: librarian | system librarian | Rongo university